000 00333nam a2200133Ia 4500
008 191201s2012 xx 000 0 und d
100 _aSTALLINGS, William
245 0 _aISDN and Broadband ISDN with Frame Relay and ATM
250 _a17 Imp
260 _c2012
_bPearson
_aNew Delhi
300 _a553
650 _aIT
942 _2ddc
_cBB
999 _c7582
_d7582